Aguascalientes Int. Airport Destinations (Aguascalientes, Mexico) - Statistics

General Stats
  • This quiz has been taken 49 times
    23 since last reset
  • The average score is 8 of 11
Answer Stats
Airline Destination % Correct
Aeroméxico/Aeroméxico Connect Mexico City
100%
Volaris Cancún
94%
United Express Houston (Intercontinental)
88%
American Eagle Dallas/Fort Worth
82%
TAR México Monterrey
82%
Volaris Tijuana
82%
Volaris Los Angeles
71%
Volaris Chicago (Midway)
53%
TAR México Puerto Vallarta
41%
TAR México La Paz
35%
TAR México Mazatlán
24%
No matching quizzes found
Score Distribution
Percent of People with Each Score
Percentile by Number Answered
Your Score History
You have not taken this quiz since the last reset